High Court Civil Suit No.579 of 2005 Rev. Fr. Anthony Matovu Vs Radio Sapientia. (Record no. 3887)
[ view plain ]
| 000 -LEADER | |
|---|---|
| fixed length control field | 00403nam a22001097a 4500 |
| 008 - FIXED-LENGTH DATA ELEMENTS--GENERAL INFORMATION | |
| fixed length control field | 110624t xxu||||| |||| 00| 0 eng d |
| 010 ## - LIBRARY OF CONGRESS CONTROL NUMBER | |
| LC control number | HCCSF-97 |
| 245 ## - TITLE STATEMENT | |
| Title | High Court Civil Suit No.579 of 2005 Rev. Fr. Anthony Matovu Vs Radio Sapientia. |
| 260 ## - PUBLICATION, DISTRIBUTION, ETC. (IMPRINT) | |
| Date of publication, distribution, etc | 2005 |
| 500 ## - GENERAL NOTE | |
| General note | Before: Ag. Judge Remmy K. Kasule |
| Withdrawn status | Lost status | Source of classification or shelving scheme | Damaged status | Koha normalized classification for sorting | Not for loan | Location (home branch) | Sublocation or collection (holding branch) | Shelving location | Date acquired | Koha issues (times borrowed) | Koha full call number | Piece designation (barcode) | Koha date last seen | Price effective from | Koha item type |
|---|---|---|---|---|---|---|---|---|---|---|---|---|---|---|---|
| Dewey Decimal Classification | HCCSF_97 | Law Development Centre Main Library | Law Development Centre Main Library | Law Reports | 06/24/2011 | HCCSF-97 | 579/2005/1 | 06/24/2011 | 06/24/2011 | Un Reported Cases |
